000 00437nam a2200121Ia 4500
003 GCL
008 140319s9999 xx 000 0 ara d
040 _aGCL /
_cGCL
082 0 4 _a157.2
_bم ع
100 1 _aمجدى احمد محمد عبدالله
245 1 0 _aعلم النفس المرضى: دراسة فى الشخصية بين السواء والاضطرابات /
_cمجدى احمد محمد عبدالله
490 _a100 قصة
_v0
999 _c43340
_d43340